000 01020cam a22002651 4500
001 gs 32000226
003 DLC
005 20260227111337.0
008 850430s1932 sw ab b 000 0 swe c
010 _ags 32000226
035 _a(OCoLC)11979336
040 _aLibrary, U.S. Geological Survey
_cNhD
_dDLC
042 _apremarc
050 0 0 _aQE282
_b.A3
100 1 _aDe Geer, Gerard,
_cfriherre,
_d1889-
245 1 0 _aStockholmstraktens kvartärgeologi,
_cav Gerard De Geer ...
255 _aSkala 1:50000 ...
260 _aStockholm,
_bKungl. Boktryckeriet P.A. Norstedt & Söner,
_c1932.
300 _a89 p. incl. illus., maps, diagrs.
_bfold. front., fold. map, fold. diagr.
_c24 cm.
_eand fold. col. map in separate cover.
490 0 _a[Sweden] Geologiska undersökning. Ser. Ba. Översiktskartor med beskrivningar.
_vno. 12
500 _aWith English explanations.
504 _a"Nagra litteraturanvisningar": p. 88-89.
650 0 _aGeology
_zSweden
_zStockholm district.
650 0 _aGeology
_zSweden
_vMaps.
999 _c26981
_d26981